The Practical Guide to Medical Ethics and Law: for junior lecturers amd medical student (Record no. 743)

MARC details
000 -LEADER
fixed length control field 00606nam a22002057a 4500
003 - CONTROL NUMBER IDENTIFIER
control field OSt
005 - DATE AND TIME OF LATEST TRANSACTION
control field 20180426184723.0
008 - FIXED-LENGTH DATA ELEMENTS--GENERAL INFORMATION
fixed length control field 141113b xxu||||| |||| 00| 0 eng d
020 ## - INTERNATIONAL STANDARD BOOK NUMBER
International Standard Book Number 1901198766
040 ## - CATALOGING SOURCE
Transcribing agency DNLM
082 ## - DEWEY DECIMAL CLASSIFICATION NUMBER
Classification number W 50 B333p 2002
100 ## - MAIN ENTRY--PERSONAL NAME
Personal name Baxter, Chloe; Brennan, Mark; Coldicott, Yvette
9 (RLIN) 1969
245 ## - TITLE STATEMENT
Title The Practical Guide to Medical Ethics and Law: for junior lecturers amd medical student
260 ## - PUBLICATION, DISTRIBUTION, ETC. (IMPRINT)
Place of publication, distribution, etc. Europe;
Name of publisher, distributor, etc. PASTEST,
Date of publication, distribution, etc. 2002.
300 ## - PHYSICAL DESCRIPTION
Extent viii, 216 p. :
Dimensions 26 cm.
504 ## - BIBLIOGRAPHY, ETC. NOTE
Bibliography, etc Includes index.
650 ## - SUBJECT ADDED ENTRY--TOPICAL TERM
Topical term or geographic name as entry element Medical ethics.
9 (RLIN) 1970
650 ## - SUBJECT ADDED ENTRY--TOPICAL TERM
Topical term or geographic name as entry element Laws
9 (RLIN) 12632
942 ## - ADDED ENTRY ELEMENTS (KOHA)
Source of classification or shelving scheme Other/Generic Classification Scheme
Koha item type Short Loan
Holdings
Withdrawn status Lost status Source of classification or shelving scheme Damaged status Not for loan Home library Current library Date acquired Source of acquisition Inventory number Total Checkouts Full call number Barcode Date last seen Koha item type
    Other/Generic Classification Scheme     MUST Main Library MUST Main Library 13/11/2014   06/27357   W 50 B333p 2002 2014-3356 13/11/2014 Short Loan
    Other/Generic Classification Scheme     MUST Main Library MUST Main Library 13/11/2014   06/27355   W 50 B333p 2002 2014-3357 13/11/2014 Short Loan
    Other/Generic Classification Scheme     MUST Main Library MUST Main Library 13/11/2014   06/27356   W 50 B333p 2002 2014-3358 13/11/2014 Short Loan
    Other/Generic Classification Scheme     MUST Main Library MUST Main Library 18/07/2016   07/28690   W 50 B333p 2002 2016-3265 18/07/2016 Open Shelf